000 00510nam a22001697a 4500
005 20250124193334.0
008 250124b |||||||| |||| 00| 0 eng d
020 _a9780697281142
050 _aHM51 JOH
100 _aJohnson Allan G.
245 _aHuman Arrangements:
_bAn introduction to sociology/
_cAllan G. Johnson
250 _a4th Ed.
260 _aMadison
_bBrown & Benchmark Publishers
_c1996
300 _axvi. 510p.
_bill. col.
_c27.5 cm x 22 cm
650 _2Sociology
942 _2lcc
_cBK
_e4th Ed.
_n0
999 _c3051
_d3051